000 00660nam a2200253Ia 4500
003 OSt
005 20221005120952.0
006 a|||||r|||| 00| 0
007 ta
008 221004b |||||||| |||| 00| 0 kan d
024 _a58331
037 _cTextual
040 _aCRL
_cCRL
_bkan
041 _2kan
_akan
082 _aO32,6NKUx, K7.1
100 _aKumaran Moorkothu Au.
_9629893
245 0 _aGadyamanjari
260 _c1967
490 _vVol.1
650 _a MALAYALAM PROSE
_9187524
650 _aMALAYALAM LITERATURE
_938866
942 _hO32,6NKUx, K7.1
_cTEXL
_2cc
999 _c1039708
_d1039708